02409cam a2200433 a 450000100090000000300090000900500170001800600190003500700070005400800410006102000190010203500250012103500180014604000260016405000250019008200280021510000210024324500930026425600230035726000940038050000290047450200060050350400510050951600100056052008170057053000340138753800490142155000520147065000370152265500280155965500220158770000510160970000270166071000200168785600880170794200120179599900190180795201490182610940613USPCAS-E20180118181420.0m o d cr zn|140806s2014 njua ob 001 0 eng d z9781118450697  a(CtWfDGI)bke00063684 a(NNC)10940613 aCtWfDGIbengcCtWfDGI14aTK1007b.B483 2014eb04a621.317223bBEV-P 20141 aBevrani, Hassan.10aPower system monitoring and controlcHassan Bevrani, Masayuki Watanabe, Yasunori Mitani. aComputer document. aHoboken, N.J. :bJohn Wiley & Sons,cc2014e(Norwood, Mass. :fBooks24x7.com [generator]) aTitle from title screen. a. aIncludes bibliographical references and index. aText. a"Power System Monitoring and Control presents a comprehensive overview of the basic principles and key technologies for the monitoring, protection, and control of contemporary wide-area power systems. Provides an updated and comprehensive reference for researcher and engineers working on wide-area power system monitoring and control (PSMC); Links fundamental concepts of PSMC, advanced metering and control theory/techniques, and practical engineering considerations; Covers PSMC problem understanding, design, practical aspects, and timely topics such as smart/microgrid control and coordinated voltage regulation and angle oscillation damping. Incorporates authors' experiences teaching and researching in various international locales including Japan, Thailand, Singapore, Malaysia, Iran, and Australia." -- aAvailable also in a print ed. aMode of access: Internet via World Wide Web. aDigitized and made available by: Books24x7.com. 0aElectric power systemsxControl. 7aElectronic books.2lcsh 0aElectronic books.1 aWatanabe, Masayukic(Electrical engineer)4aut1 aMitani, Yasunori.4aut2 aBooks24x7, Inc.40uhttp://www.columbia.edu/cgi-bin/cul/resolve?clio10940613zClick here for full text. 2ddccBK c356013d356013 00102ddc40708NFICaCAS-EbCAS-EcDISPLAYd2016-02-02eGolden booksg8698.00l0o621.317 BEV-P 2014pCAS-E0001274r2016-02-02w2016-02-02yBK